000 006640000a22002170004500
020 _a84-8164-378-5
041 0 _aSPA
082 0 4 _aG 170 H1147a
100 1 _aHabermas, Jürgen
245 1 0 _aAclaraciones a la ética del discurso / Jürgen Habermas ; José Mardomingo, Traductor
260 _aMadrid, España : Trotta
300 _a236 Pag.
500 _aTítulo original : Erläuterungen zur Diskursethik
505 0 0 _amoralidad y eticidad -- desarrollo moral -- razón práctica --
650 1 4 _aETICA
001 947
942 _cBK
999 _c32339
_d32339
336 _atexto
_btxt
_2rdacontent
337 _2rdamedia
_asin mediación
_bn
338 _2rdacarrier
_avolumen
_bnc